[Event "Mumbai Wealth U13 op 5th"]
[Site "Mumbai"]
[Date "2020.01.02"]
[Round "4"]
[White "Garg, Paraj"]
[Black "Aarav, Bhavin Mehta"]
[Result "0-1"]
[WhiteElo "1008"]
[BlackElo "1242"]
[PlyCount "122"]
[EventDate "2019.12.30"]
[EventType "swiss"]
[EventRounds "9"]
[EventCountry "IND"]
[SourceTitle "CBM 194 Extra"]
[Source "ChessBase"]
[SourceDate "2020.03.31"]
[SourceVersion "1"]
[SourceVersionDate "2020.03.31"]
[SourceQuality "1"]

1. e4 c5 2. Nf3 a6 3. d3 Nc6 4. Be2 Nf6 5. Be3 d6 6. h3 g6 7. 0-0 Bg7 8. Nc3 0-0 9. Qc1 Bd7 10. Rd1 Qc7 11. a3 Rfd8 12. Qd2 Rac8 13. Rac1 Qa5 14. Nd5 Qxd2 15. Bxd2 Nxd5 16. exd5 Ne5 17. Ba5 Re8 18. c3 b6 19. Nxe5 Bxe5 20. Bxb6 Rb8 21. Ba5 Rxb2 22. Bf1 Reb8 23. d4 Bf4 24. Ra1 Bf5 25. c4 cxd4 26. Rxd4 Be5 27. Rdd1 Rb1 28. Raxb1 Rxb1 29. Rxb1 Bxb1 30. Be2 Kg7 31. Bb4 Bd4 32. Kf1 Kf6 33. Ke1 Ke5 34. g3 h6 35. f4+ Ke4 36. Kd2 Bf2 37. g4 Kxf4 38. Bf1 f5 39. Ke2 Be3 40. gxf5 Bxf5 41. Be1 Bc1 42. Kf2 Bxa3 43. Bd2+ Ke4 44. Bxh6 Bb4 45. Bg7 a5 46. h4 a4 47. Be2 a3 48. Ba1 Bc5+ 49. Ke1 a2 50. Kd2 Bd4 51. Bd3+ Ke5 52. Bxf5 gxf5 53. h5 Bxa1 54. h6 Ke4 55. c5 dxc5 56. d6 exd6 57. Kc2 Bd4 58. h7 a1Q 59. h8Q Bxh8 60. Kb3 Qb2+ 61. Kc4 Qb4# 0-1